| 000 | 00439nam a22001697a 4500 | ||
|---|---|---|---|
| 005 | 20180806122334.0 | ||
| 008 | 160517b xxu||||| |||| 00| 0 eng d | ||
| 020 | _a13-978-81-7992-933-9 | ||
| 041 | _aeng | ||
| 082 |
_b2555 _a658.3 |
||
| 100 |
_aMuller camen croacher leigh _9704 |
||
| 245 | _aHuman Resource Management (Acare study approach) | ||
| 260 |
_bJaico Books _c2008 |
||
| 300 | _a490P, | ||
| 650 |
_aManagement _9241 |
||
| 942 | _cBK | ||
| 999 |
_c937 _d937 |
||